Random Facts about North Korea - Statistics

General Stats
  • This quiz has been taken 24 times
    20 since last reset
  • The average score is 7 of 14
Answer Stats
Hint Answer % Correct
Best friend China
93%
Capital Pyongyang
93%
Other enemy South Korea
93%
Current supremeLeader of North Korea Kim Jong Un
87%
Biggest enemy United States
87%
North Koreas otherName DemocraticPeoples
Republic Of Korea
60%
Airline Air Koryo
53%
Currency North Korean Won
53%
The sea between North Korea and China Yellow sea
53%
Highest Mountain Paektu
33%
National Anthem Aegukka
13%
The sea that separates Japan from North Korea East sea
7%
SpecialCity Pyongyang
7%
SpecialCity Rason
7%
No matching quizzes found
Score Distribution
Percent of People with Each Score
Percentile by Number Answered
Your Score History
You have not taken this quiz since the last reset